So sánh hoạt tính kháng khuẩn, khả năng phòng bệnh và ảnh hưởng tăng trưởng trên gà nòi lai của lá diếp cá (Houttuynia cordata) và lá bán tự mốc (Hemigraphis glaucescens) : Luận văn tốt nghiệp Cao học. Chuyên ngành Thú y

Khảo sát tính kháng khuẩn của cao chiết từ bột lá diếp cá và bột lá cây bán tự mốc đối với một số loại vi khuẩn sau tách chiết và sau khi bảo quản 1 tháng, khả năng phòng bệnh và tác động trên sự tăng trưởng của gà nòi lai....

Cur síos iomlán

Đã lưu trong:
Sonraí Bibleagrafaíochta
Príomhúdar: Trần, Thị Xuân Quỳnh
Formáid: Leabhar
Teanga:Undetermined
Foilsithe: Cần Thơ Trường Đại học Cần Thơ 2018
Ábhair:
Clibeanna: Cuir Clib Leis
Gan Chlibeanna, Bí ar an gcéad duine leis an taifead seo a chlibeáil!
Thư viện lưu trữ: Trung tâm Học liệu Trường Đại học Cần Thơ
LEADER 01312nam a2200217Ia 4500
001 CTU_228592
008 210402s9999 xx 000 0 und d
082 |a 636.5089 
082 |b Qu609 
088 |a 8640101 
100 |a Trần, Thị Xuân Quỳnh 
245 0 |a So sánh hoạt tính kháng khuẩn, khả năng phòng bệnh và ảnh hưởng tăng trưởng trên gà nòi lai của lá diếp cá (Houttuynia cordata) và lá bán tự mốc (Hemigraphis glaucescens) : 
245 0 |b Luận văn tốt nghiệp Cao học. Chuyên ngành Thú y 
245 0 |c Trần Thị Xuân Quỳnh ; Huỳnh Kim Diệu (Cán bộ hướng dẫn) 
260 |a Cần Thơ 
260 |b Trường Đại học Cần Thơ 
260 |c 2018 
520 |a Khảo sát tính kháng khuẩn của cao chiết từ bột lá diếp cá và bột lá cây bán tự mốc đối với một số loại vi khuẩn sau tách chiết và sau khi bảo quản 1 tháng, khả năng phòng bệnh và tác động trên sự tăng trưởng của gà nòi lai. 
650 |a Veterinary bacteriology,Vi khuẩn thú y 
910 |b nthai 
980 |a Trung tâm Học liệu Trường Đại học Cần Thơ